Дело о побеге из Динабургской тюрьмы арестантов: Филипа Криванова и Ефима Митрофанова (он же Генераленков)

Доступно только в Электронных читальных залах Найти на картеНа карте
RUSMARC
00003718nmc2a22000003x 450
001028e63a3-6b6b-4478-9bd0-128484070e03
00520200305142259.0
100##$a20180907l18661867k l0rusy0189 ca
1010#$arus
102##$aRU
2001#$aДело о побеге из Динабургской тюрьмы арестантов: Филипа Криванова и Ефима Митрофанова (он же Генераленков)
$j7 декабря 1866 г. - 15 июля 1867 г.
251##$cДело
300##$aДело
801#0$aRU
$bРГИА
$c20180907
$gRCR
801#1$aRU
$bГлавНИВЦ
$c20180907
$2rusmarc
801#2$aRU
$bПБ им. Б.Н. Ельцина
$c20200305
$gRCR
$2rusmarc
850##$aРГИА
852##$aРГИА
$eФедеральное казенное учреждение "Российский государственный исторический архив" (РГИА)
$j531
937##$hРГИА
$d12292460
$aASBIBLIO_SCAN
462#0$1001d8f9f7d4-b5a2-42ce-9901-502471366df6
$12001
$aДела Департамента полиции исполнительной МВД за 1866 год
$1251
$cОпись
$1852
$j27
$l1866 г.
461#0$10013e300ed0-cd39-49af-8489-5ba5b90fa401
$12001
$aДепартамент полиции исполнительной МВД
$1251
$cФонд
$1852
$j1286
215##$a11 л.
$d36,5х26 см
371##$aДокумент не является опубликованным и широко распространяемым
105##$ay###
1222#$ad
035##$a028e63a3-6b6b-4478-9bd0-128484070e03
856##$uhttp://readingroom.main.prlib.ru/item.aspx?id_node=n143011809&mode=full
Формат отображения